000 01164nam a22003257a 4500
003 URS
005 20250820114101.0
008 250820b |||||||| |||| 00| 0 eng d
020 _a978-981-31-37-8
040 _cURS
_bEnglish
_erda
050 0 0 _aRT41
_b.B516 2022
100 _aBerman, Audrey.,
_eauthor.
_91102
245 0 0 _aKozier & Erb's fundamentals of nursing :
_bconcepts, process, and practice /
_cAudrey Berman, Shirlee J. Snyder and Geralyn Frandsen.
246 3 0 _aFundamentals of nursing
250 _aElevent edition.
264 _aSingapore :
_bPearson Prentice Hall,
_c©2022.
300 _axxv, 755 pages :
_billustrations ;
_c27 cm.
336 _2rdacontent
_atext
_btxt
337 _2rdamedia
_aunmediated
_bn
338 _2rdacarrier
_avolume
_bnc
650 0 _aNursing.
_91023
650 0 _aNursing process.
_91100
650 0 _aNursing care.
_91093
650 0 _aNursing theory.
_91101
700 _aSnyder, Shirlee J.,
_eauthor.
_91103
700 _aFrandsen, Geralyn.,
_eauthor.
_91104
730 0 _aFundamentals of nursing.
856 4 1 _3Table of contents only
_uhttp://www.loc.gov/catdir/toc/ecip0620/2006029312.html
942 _2lcc
_cFR
999 _c84472
_d84470